000
00325nam a22001457a 4500
008
210312b ||||| |||| 00| 0 eng d
020
_a
9780131293175
041
_a
eng
080
_2
3rd
_a
91
082
_a
91
100
_a
42
101
_a
GJEO
245
_a
Geographical Information System
_c
Heywood, I
942
_2
udc
_c
BK
999
_c
56481
_d
56481